Normal view
MARC view
Entry Personal Name
001 - CONTROL NUMBER
- control field: 11149
003 - CONTROL NUMBER IDENTIFIER
- control field: OSt
005 - DATE AND TIME OF LATEST TRANSACTION
- control field: 20161006132916.0
008 - FIXED-LENGTH DATA ELEMENTS
- fixed length control field: 161006|| aca||aabn | a|a d
040 ## - CATALOGING SOURCE
- Original cataloging agency: OSt
- Transcribing agency: OSt
100 ## - HEADING--PERSONAL NAME
- Personal name: Doering,R.Charles ;J.D,Gobbon;
670 ## - SOURCE DATA FOUND
- Source citation: Work cat.: (OSt): Doering,R.Charles ;J.D,Gobbon;, Applied analysis of the Navier-Stroke Equations., 1995.
